Teória medziliterárneho procesu /

Uložené v:
Podrobná bibliografia
Hlavný autor: Ďurišin, Dionýz, 1929-1997 (Author)
Médium: Kniha
Jazyk:Slovak
Vydané: Bratislava : Tatran, 1985.
Vydanie:1. vyd.
ISBN: (viaz.)
Fyzický popis: 282 s.
Tagy: Pridať tag
Žiadne tagy, Buďte prvý kto otaguje tento záznam!

MARC

LEADER 00000nam a2200000 a 4500
001 000215607
005 20120929195144.0
008 022102s1985 xo e slo d
020 |a (viaz.)  |c Kčs 38,00 
040 |a SVKKK  |b slo  |c SVKKK  |e AACR2 
041 0 |a slo  |b rus  |b fre 
044 |a xo  |c SK 
100 1 |a Ďurišin, Dionýz,  |d 1929-1997  |4 aut 
245 1 0 |a Teória medziliterárneho procesu /  |c Dionýz Ďurišin. 
250 |a 1. vyd. 
260 |a Bratislava :  |b Tatran,  |c 1985. 
300 |a 282 s. 
546 |a Resumé rus. a franc. 
910 |a svkkk 
998 |a BK 
090 |g SCKHL  |k Sklad Pribinova prízemie  |a IV.127855  |j 714997  |i 2720136204  |s Absenčne 
090 |g SCKHL  |k Sklad Pribinova prízemie  |a IV.127856  |j 714998  |i 2720183093  |s Absenčne 
090 |g SCKHL  |k Sklad Pribinova prízemie  |a IV.128975  |j 719635  |i 2720198282  |s Absenčne